• 首页
  • 本馆介绍
  • 公告通知
  • 最新文献
  • 馆藏检索
  • 电子资源
  • 读者导购
  • 参考咨询
  • 我的图书馆
  • 登录
  • 详细信息显示
  • 放入我的书架
  • 预约/预借图书
  • 作者相关作品
  • 分类相关作品
  • 丛书相关作品
  • 出版社相关作品

书目信息

  • 表格格式
  • 工作单格式
  • 卡片格式
题名:
世界文字发展史
    
 
作者: 周有光 著
分册:  
出版信息: 上海   上海教育出版社  2003
页数: 12,464页
开本: 21cm
丛书名: 世界文库
单 册:
中图分类: H02
科图分类:
主题词: 文字--历史--世界
电子资源:
ISBN: 7-5320-8917-7
000 00786oam2 2200241 45
001 002611670
005 20050524103153.5
010    @a7-5320-8917-7@dCNY35.00
100    @a20040319d2003 em y0chiy0110 ea
101 0  @achi
102    @aCN@b310000
105    @aab z 000yy
200 1  @a世界文字发展史@Ashi jie wen zi fa zhan shi@f周有光著@FZhou You Guang Zhu
210    @a上海@c上海教育出版社@c上海世纪出版集团@d2003
215    @a12,464页@c照片,地图@d21cm
225 2  @a世界文库@v第三辑
330    @a本书论述世界文字的襁褓时期、埃及字和标声字母、汉字和汉字系统、字母的产生、音节文字综述、希腊字母系统等内容。
410    @12001 @a世界文库
606 0  @a文字@x历史@y世界
690    @aH02@v4
701  0 @a周有光@4著
801  0 @aCN@bNLC@c20040420
905    @f5@b354148-152@dH02@e77
    
    世界文字发展史/周有光著.-上海:上海教育出版社:上海世纪出版集团,2003
    12,464页:照片,地图;21cm.-(世界文库;第三辑)
    
    
    ISBN 7-5320-8917-7:CNY35.00
    本书论述世界文字的襁褓时期、埃及字和标声字母、汉字和汉字系统、字母的产生、音节文字综述、希腊字母系统等内容。
●
相关链接 在E读中查询图书 在五车中查询图书 在当当中查询图书 在豆瓣中查询图书


正题名:世界文字发展史     索取号:H02/77         预约/预借

序号 登录号 条形码 馆藏地/架位号 状态 备注
1 0354148   3541484   第二样本阅览室/ [索取号:H02/77] 在馆    
2 0354149   3541493   第四借阅区/ [索取号:H02/77] 在馆    
3 0354150   3541509   第四借阅区/ [索取号:H02/77] 在馆    
4 0354151   3541518   第四借阅区/ [索取号:H02/77] 在馆    
5 0354152   3541527   第四借阅区/ [索取号:H02/77] 在馆    
唐山师范学院图书馆 欢迎您!
大连网信软件有限公司© 版权所有